00816nam a2200181 a 4500003000200000005001700002008004100019050002700060100003000087245014500117260009200262300004000354504004100394650007000435650003500505650004900540650004500589020250422140619.0970114s19uu xx 00 eng d aPGS GV 363b.N236 2003 aNartates, Karl Anthony L. aA study on the Need to Extend Physical Education Classes in Grade Six Southville International School Students /cKarl Anthonyt L. Nartates. aLas Piñas City, Philippines : bSouthville International School and Colleges,c2003. a24 pages :billustrations ;c28 cm. aIncludes bibliographical references. aPhysical education and trainingvStudy and teaching (Elementary). aPhysical fitness for children. aPhysical education for childrenvEvaluation. aCurriculum planningvPhysical education.